Statistiques concernant Petit Bac #42 - Communes du Centre

Cliquez ici pour prendre le quiz!

Statistiques générales

  • Ce quiz a été pris 346 fois
    (245 depuis la dernière actualisation)
  • Le résultat moyen est 11 sur 18

Statistiques - réponses

1ère LettreCommune (5000+ hab.)% Correct
BBourges / Blois / Ballan-Miré / Beaugency / Briare / Bléré / Bonneval
97%
CChâteauroux / Chartres / Châteaudun / Châlette-sur-Loing / Chambray-lès-Tours / Chinon / Chécy / Châteauneuf-sur-Loire / Cloyes-les-Trois-Rivières / Château-Renault
92%
OOrléans / Olivet
92%
TTours
92%
VVierzon / Vendôme / Vernouillet / Vineuil / Veigné / Villemandeur
74%
SSaint-Jean-de-Braye / Saint-Jean-de-la-Ruelle / Saran / Saint-Cyr-sur-Loire / Saint-Pierre-des-Corps / Saint-Avertin / Saint-Doulchard / Saint-Amand-Montrond / Saint-Jean-le-Blanc / Saint-Denis-en-Val / Saint-Florent-sur-Cher / Saint-Pryvé-Saint-Mesmin / Sully-sur-Loire / Salbris / Saint-Germain-du-Puy
70%
LLucé / La Chapelle-Saint-Mesmin / La Riche / Le Malesherbois / La Ferté-Saint-Aubin / Luisant / Le Blanc / Loches / Le Controis-en-Sologne / Le Poinçonnet / Lèves / La Ville-aux-Dames / Luynes
66%
MMontargis / Mainvilliers / Montlouis-sur-Loire / Monts / Mehun-sur-Yèvre / Mer / Meung-sur-Loire
66%
AAmilly / Amboise / Auneau-Bleury-Saint-Symphorien / Aubigny-sur-Nère / Argenton-sur-Creuse
63%
JJoué-lès-Tours
59%
DDreux / Déols
58%
IIssoudun / Ingré
49%
RRomorantin-Lanthenay
47%
PPithiviers
40%
FFleury-les-Aubrais / Fondettes
38%
GGien
35%
NNogent-le-Rotrou
28%
EEsvres / Épernon
11%

Distribution des résultats

Percentile par nombre de réponses

% des personnes avec chaque résultat

Votre développement - résultats

Vous n’avez pas pris ce quiz depuis la dernière actualisation